| 000 | 01218cam a2200301 4500 | ||
|---|---|---|---|
| 008 | 040423n2003 000 0 eng u | ||
| 020 | _a1860816525 | ||
| 035 | _a(Sirsi) u125927 | ||
| 041 | _aeng | ||
| 050 |
_a721.8 _c18 |
||
| 100 | _aRoys, M. | ||
| 245 | _aProprietary nosings for non-domestic stairs | ||
| 260 |
_aWatford _bBRE _c2003 |
||
| 300 |
_a8p. _c30cm. |
||
| 490 |
_aBRE Information Paper _v15/03 |
||
| 520 | _aProvides guidance to designers and building managers on the best way to assess the types of proprietary nosings that should be provided on non-domestic stairs. It also considers such other factors as secure fastening and colour contrast. | ||
| 650 | _aNOSINGS | ||
| 650 | _aBUILT ENVIRONMENT-BUILDING ELEMENTS-COMPLETE BUILDING ELEMENTS-STAIRS | ||
| 650 | _aBUILT ENVIRONMENT-BUILDING ELEMENTS-COMPLETE BUILDING ELEMENTS-STAIRS | ||
| 650 | _aBUILT ENVIRONMENT-BUILDING ELEMENTS-COMPLETE BUILDING ELEMENTS-STAIRS | ||
| 650 |
_aHEALTH AND SAFETY _96244 |
||
| 650 | _aRISK | ||
| 690 | _aBUILT ENVIRONMENT-BUILDING MATERIALS | ||
| 700 | _aWright, M. | ||
| 710 | _aBuilding Research Establishment | ||
| 710 |
_aUnited Kingdom _bOffice of the Deputy Prime Minister |
||
| 942 | _n0 | ||
| 999 |
_c103509 _d103509 |
||